If I Had A Gun... - Noel Gallagher's High Flying Birds - All Lyrics - Statistics

General Stats
  • This quiz has been taken 159 times
  • The average score is 188 of 223
Answer Stats
Answer % Correct
a
100%
gun
100%
had
100%
I
100%
If
100%
if
100%
the
100%
sun
99%
you
99%
and
97%
And
97%
I’d
97%
into
97%
shoot
97%
for
96%
hole
96%
time
96%
ever
91%
make
91%
mine
91%
to
91%
always
90%
down
90%
eyes
90%
My
90%
my
90%
world
90%
your
90%
around
88%
burn
88%
city
88%
have
88%
me
88%
room
88%
would
88%
followed
87%
soon
87%
this
87%
will
87%
on,
85%
only
85%
stop
85%
too
85%
love
82%
same
82%
with
81%
you're
81%
need
79%
day
78%
spoke
78%
be
76%
by
76%
'Cause
76%
every
76%
God
76%
I’m
75%
I'm
75%
stay
75%
that
75%
Excuse
74%
I’ll
74%
I'll
74%
side
72%
waiting
72%
moment
71%
find
69%
holding
66%
away
65%
(away,
65%
away,
65%
away)
65%
say
65%
Hope
62%
Let
62%
We
62%
what
62%
when
62%
fly
60%
moon
60%
didn't
59%
fade
59%
give
59%
goodbye
59%
heart
59%
speak
59%
they
59%
unbroken
59%
come
57%
cried
57%
another
56%
been,
56%
dream
56%
live
53%
Show
53%
tears
53%
sea
51%
back
50%
now
50%
might
49%
all
47%
fight
43%
No matching quizzes found
Score Distribution
Percent of People with Each Score
Percentile by Number Answered
Your Score History
You have not taken this quiz